00815nam a22001697a 450000500170000000800410001702000150005805000220007310000230009524500980011825000170021626000360023330000420026950000290031150502630034065000420060320231102151544.0130417s2008 mx adi g |||| 00| 0 spa d a970106400304aBF121 bG778 200810aGRAY, Petereautor13aPsicologíab: una nueva perspectivac/ Peter Gray ; tr. Susana Pontón Becerril...[et al.] a5a edición aMéxicob: McGraw-Hillc, 2008 axxiii, 654 páginasb: ilustraciones aTraducido de: Psychology aAntecedentes del estudio de la psicología La adaptabilidad de la conducta Mecanismos fisiológicos de la conducta Sensación y percepción El intelecto humano Crecimiento de la mente y la persona La persona en un mundo de gente Personalidad y trastornos10aPSICOLOGÍA xESTUDIO Y ENSEÑANZA